| 000 | 00360nam a22001577a 4500 | ||
|---|---|---|---|
| 003 | SGT | ||
| 020 | _a9780071259347 | ||
| 082 | _a658.3,NOE | ||
| 100 | _aNOE,RAYMOND A | ||
| 245 | _aEMPLOYEE TRAINING & DEVELOPMENT | ||
| 250 | _a4TH | ||
| 260 |
_aNEW DELHI _bTMH _c2008 |
||
| 300 | _a536 | ||
| 650 | _aEMPLOYEE TRAINING & DEVELOPMENT, HRM | ||
| 942 |
_2ddc _cBK _02 |
||
| 999 |
_c9987 _d9987 |
||